Synergism between beta2-adrenoceptor agonists and subtype-selective alpha1A-adrenoceptor antagonists in the tocolytic effect on pregnant rat uterus in vitro

Elmentve itt :
Bibliográfiai részletek
Szerzők: Mihályi Attila
Gáspár Róbert
Csonka D.
Falkay György
Dokumentumtípus: Cikk
Megjelent: 2003
Sorozat:CLINICAL AND EXPERIMENTAL PHARMACOLOGY AND PHYSIOLOGY 30 No. 3
doi:10.1046/j.1440-1681.2003.03811.x

mtmt:1688004
Online Access:http://publicatio.bibl.u-szeged.hu/16172
LEADER 00917nab a2200229 i 4500
001 publ16172
005 20190723111717.0
008 190723s2003 hu o 0|| angol d
022 |a 0305-1870 
024 7 |a 10.1046/j.1440-1681.2003.03811.x  |2 doi 
024 7 |a 1688004  |2 mtmt 
040 |a SZTE Publicatio Repozitórium  |b hun 
041 |a angol 
100 1 |a Mihályi Attila 
245 1 0 |a Synergism between beta2-adrenoceptor agonists and subtype-selective alpha1A-adrenoceptor antagonists in the tocolytic effect on pregnant rat uterus in vitro  |h [elektronikus dokumentum] /  |c  Mihályi Attila 
260 |c 2003 
300 |a 164-167 
490 0 |a CLINICAL AND EXPERIMENTAL PHARMACOLOGY AND PHYSIOLOGY  |v 30 No. 3 
700 0 1 |a Gáspár Róbert  |e aut 
700 0 1 |a Csonka D.  |e aut 
700 0 1 |a Falkay György  |e aut 
856 4 0 |u http://publicatio.bibl.u-szeged.hu/16172/1/MihalyiClinExpPharmacolPhysiol2003.pdf  |z Dokumentum-elérés